[Event "New York CITS"]
[Site "New York"]
[Date "1996.??.??"]
[Round "9"]
[White "Benjamin, Joel"]
[Black "Sokolov, Ivan"]
[Result "1/2-1/2"]
[WhiteElo "2570"]
[BlackElo "2665"]
[Annotator "Schiller,E"]
[PlyCount "128"]
[EventDate "1996.03.??"]
[EventType "tourn"]
[EventRounds "11"]
[EventCountry "USA"]
[EventCategory "13"]
[SourceTitle "CBM 052"]
[Source "ChessBase"]
[SourceDate "1996.06.01"]
[SourceVersion "1"]
[SourceVersionDate "1996.06.01"]
[SourceQuality "1"]

1. c4 e5 2. Nc3 Nf6 3. Nf3 Nc6 4. e3 Bb4 5. Qc2 O-O 6. Nd5 Re8 7. Bd3 h6 8. a3
Bf8 9. Nxf6+ Qxf6 10. Be4 d6 11. b4 Ne7 12. Bb2 Qe6 13. d4 f5 14. Bd5 Nxd5 15.
cxd5 Qxd5 16. dxe5 dxe5 17. Qxc7 f4 18. O-O Bg4 19. e4 Qxe4 20. Nxe5 Re7 21.
Qc3 Rc8 22. f3 Qd5 23. Rad1 Qa2 24. Qd4 Rc2 25. Rf2 Rxf2 26. Kxf2 Bf5 27. Rd2
Qe6 28. Qxf4 g5 29. Qc4 Qxc4 30. Nxc4 Rc7 31. Ne3 Be6 32. Be5 Rc1 33. Rd8 Kf7
34. Bb2 Rc6 35. Bd4 a6 36. Rb8 {This allows the rook to get trapped and
eventually costs Joel the exchange so the whole plan is suspect. Still, his
flag had been hanging for a few moves.} Bc8 37. Be5 Ke6 38. f4 gxf4 39. Bxf4
Kd7 40. g4 {This time Benjamin cleared time control with a whole 11 seconds to
spare, but since we were using analog clocks because of the theft of our
digital clocks, Joel had no idea exactly how much time was left.} Bd6 41. Bxd6
Rxd6 42. Nf5 Re6 43. Kg3 Kc7 44. Ra8 b6 45. Ra7+ Bb7 46. Kh4 {White could have
tried to get an endgame with two powerful pawns against the rook. GM Ron
Henley and I found it difficult to defend for Black, and the line offers good
winning chances.} (46. h4 Kb8 (46... h5 47. gxh5 Kb8 48. Rxb7+ Kxb7 49. h6 Rg6+
50. Kf4 Rg8 51. Ne7 Rf8+ 52. Kg5) 47. Rxb7+ Kxb7 48. Nxh6 Rxh6 (48... Re3+ 49.
Kf4 Rxa3 50. g5 Rc3 51. g6 Rc7 52. Nf7 a5 53. bxa5 bxa5 54. h5 a4 55. h6 a3 56.
h7 Rc8 57. Nd6+) 49. g5 Rh8 50. Kg4 Kc6 51. g6 Kd7 52. Kg5 Ke7 53. g7 Rc8 54.
Kg6 Rc6+ 55. Kh7) 46... Kb8 47. Rxb7+ Kxb7 48. Kh5 a5 49. bxa5 bxa5 {This is a
fascinating and complex endgame. Black must be concerned about the kingside
pawns. The a-pawn flies, and that is why Joel advances his own a-pawn to slow
it down.} 50. a4 {There are many complex lines here, but most seem to lead to
a draw.} (50. Nxh6 Re3 51. h4 Rxa3 52. g5 Rg3 $2 (52... Rc3 53. g6 Rc7 (53...
Rc8 54. g7 a4 55. Nf5 a3 56. Nd6+) 54. Nf7) (52... Rd3 53. g6 a4 54. g7 Rd8 55.
Nf7 Rg8 56. Kg6 a3 57. Nd6+ Ka6 58. Ne4) 53. Ng4 Rxg4 54. Kxg4 a4 55. g6 a3 56.
g7 a2 57. g8=Q) 50... Re2 51. h4 Ra2 52. Kxh6 Rxa4 53. g5 Rg4 54. g6 a4 55. g7
a3 56. Ne3 Rg1 57. Nc2 a2 58. h5 Kb6 59. Kh7 Kc5 60. g8=Q Rxg8 61. Kxg8 Kc4 62.
h6 Kc3 63. h7 Kxc2 64. h8=Q Kb1 1/2-1/2

[Event "Las Palmas"]
[Site "Las Palmas"]
[Date "1996.12.12"]
[Round "4"]
[White "Kramnik, Vladimir"]
[Black "Karpov, Anatoly"]
[Result "1/2-1/2"]
[WhiteElo "2765"]
[BlackElo "2775"]
[Annotator "Shamkovich,L"]
[PlyCount "41"]
[EventDate "1996.12.08"]
[EventType "tourn"]
[EventRounds "10"]
[EventCountry "ESP"]
[EventCategory "21"]
[SourceTitle "CBM 057"]
[Source "ChessBase"]
[SourceDate "1997.04.01"]
[SourceVersion "1"]
[SourceVersionDate "1997.04.01"]
[SourceQuality "1"]

1. c4 e5 2. Nc3 Nf6 3. Nf3 Nc6 4. d4 exd4 5. Nxd4 Bb4 6. Bg5 h6 7. Bh4 Bxc3+ 8.
bxc3 Ne5 9. f4 (9. e3 Ng6 10. Bg3 Ne4 11. Qc2 Nxg3 12. hxg3 d6 {Game is even,
Shchekachev,A-Overeem,M/Lost Boys Antwerp BEL 1996}) 9... Ng6 (9... Nxc4 10.
Nf5) 10. Bxf6 Qxf6 11. g3 Nf8 (11... O-O 12. Qd2 d6 13. Bg2 {With mutual
chances, Smirin,I-Adams,M/Prelim Gp 1996}) 12. Bg2 Ne6 13. O-O O-O 14. e4 d6
15. Qd2 Nc5 16. Rae1 Rb8 17. Re3 Bd7 18. Nb3 Nxb3 19. axb3 Bc6 {The play is
equal} 20. Qd4 a6 21. Qxf6 1/2-1/2

[Event "Moscow Aeroflot op-A"]
[Site "Moscow"]
[Date "2020.02.21"]
[Round "3"]
[White "Sengupta, Deep"]
[Black "Sunilduth Lyna, Narayanan"]
[Result "0-1"]
[WhiteElo "2534"]
[BlackElo "2637"]
[Annotator "Sunilduth Lyna,Narayanan "]
[PlyCount "94"]
[EventDate "2020.02.19"]
[EventType "swiss"]
[EventRounds "9"]
[EventCountry "RUS"]
[SourceTitle "CBM 195 Extra"]
[Source "ChessBase"]
[SourceDate "2020.05.31"]
[SourceVersion "1"]
[SourceVersionDate "2020.05.31"]
[SourceQuality "1"]
[TimeControl "40/6000+30:20/3000+30:900+30"]

{[%evp 0,94,27,-5,-16,-29,1,0,0,-24,-22,-35,-14,-40,-7,-20,6,-27,-17,-27,-14,
-11,-3,5,-2,-8,24,32,15,17,46,46,51,36,38,18,38,14,77,36,101,43,52,29,28,15,15,
-16,-5,2,-10,-2,-14,-12,-15,-9,-6,-38,-34,-45,-46,-55,-68,-67,-69,-87,-119,
-154,-129,-141,-154,-141,-154,-178,-183,-183,-167,-212,-240,-225,-232,-275,
-339,-312,-319,-331,-326,-324,-302,-324,-324,-349,-158,-179,-142,-1086,-1198]} 
{This game was played in the third round of the same Aeroflot Open.I was up
against my compatriot Grandmaster Deep Sengupta.} 1. c4 {[%emt 0:00:00]} Nf6 {
[%emt 0:05:12]} 2. Nc3 {[%emt 0:00:00]} e5 {[%emt 0:00:05]} 3. Nf3 {[%emt 0:00:
00]} Nc6 {[%emt 0:00:05]} 4. e3 {[%emt 0:00:00]} Bb4 {[%emt 0:00:09]} 5. Qc2 {
[%emt 0:00:00]} Bxc3 {[%emt 0:00:06]} 6. Qxc3 {[%emt 0:00:00]} Qe7 {[%emt 0:00:
48]} 7. Be2 $5 {[%emt 0:00:04] This move indeed surprised me a bit since my
opponent hadn't played it before.} (7. d4 {is the main move}) 7... d5 {[%emt 0:
02:02]} 8. d4 {[%emt 0:00:19]} exd4 {[%emt 0:08:21]} 9. Nxd4 {[%emt 0:00:21]}
Nxd4 {[%emt 0:00:09]} 10. Qxd4 {[%emt 0:00:05]} c5 {[%emt 0:00:14]} 11. Qf4 {
[%emt 0:00:06]} dxc4 {[%emt 0:04:04]} 12. Bxc4 {[%emt 0:00:07]} O-O {[%emt 0:
00:25]} 13. b3 {[%emt 0:01:35] My opponent was still in his book whereas I was
already out, and the position doesn't seem good for Black to a stranger.} Rd8
$5 $146 {[%emt 0:25:47] An OTB novelty. I understood that 13....Be6 might have
been the move my opponent checked, and I tried to deviate a bit. Objectively I
think the move played by me is not strong, just the practical aspects make it
interesting.} (13... Be6 14. Bb2 Bxc4 15. Bxf6 Qxf6 16. Qxf6 gxf6 17. bxc4 $14
a6 18. O-O-O Rfd8 19. h4 b5 20. Kc2 Kg7 21. h5 f5 22. Rb1 b4 23. Rh4 Rd6 24.
Rd1 Rxd1 25. Kxd1 Kf6 26. Rf4 Re8 27. g4 Re5 28. Ke2 a5 29. gxf5 Kg5 30. f3
Rxf5 31. Re4 Kf6 32. Rh4 Rg5 33. Kf2 a4 34. Rh1 Rg8 35. f4 Rb8 36. Rb1 Kg7 37.
Ke2 Kh6 38. Kd3 f5 39. Kc2 Rg8 40. Rd1 Rg2+ 41. Kb1 Kxh5 42. Rd5 Kg4 43. Rxc5
h5 44. Rc8 h4 45. Rg8+ Kf3 46. Rh8 Rg4 47. c5 Kg3 48. e4 fxe4 49. f5 e3 50. Re8
Kf2 51. f6 e2 52. f7 Rf4 53. f8=Q e1=Q+ 54. Rxe1 Rxf8 55. Re7 Rg8 56. Rh7 Kg3
57. c6 h3 58. c7 h2 59. Kb2 a3+ 60. Kb3 Kg2 61. Kxb4 h1=Q 62. Rxh1 Kxh1 63.
Kxa3 Rc8 64. Kb4 Kg2 65. a4 Kf3 66. Kb5 Rxc7 67. a5 Ke4 68. Kb6 Rc1 69. a6 Ra1
70. a7 Rxa7 71. Kxa7 {1/2-1/2 (71) Inarkiev,E (2693)-Alekseenko,K (2650) Konya
TUR 2019}) 14. Bb2 {[%emt 0:03:31]} Nd5 {[%emt 0:00:18]} 15. Qg3 {[%emt 0:03:
01] The most natural move, keeping the queen on an active square.} (15. Qe5 $5
{with the idea of transposing to the endgame is interesting:} Qxe5 16. Bxe5 Be6
{and the position is a good test for understanding since if White could
preserve both the bishops and coordinate his rooks, he would be better. But it
takes time, and in the meantime Black can try to exchange the bishop or attack
the weakness in White's position. For instance} 17. O-O f6 18. Bg3 Kf7 19. Rfc1
(19. Be2 a5 $1) 19... Rac8 20. Be2 a5 $11) 15... f6 {[%emt 0:00:16]} 16. O-O {
[%emt 0:01:20]} Be6 {[%emt 0:00:07]} 17. Rac1 {[%emt 0:37:29]} (17. e4 $5 {
would have been logical trying to push pawns forward and open the diagonals
and files.} Nb4 18. e5 f5 19. Qc3 $1 (19. Rfd1 Bxc4 20. bxc4 Nc2 21. Rab1 Nd4
22. Bxd4 Rxd4 23. Rxd4 cxd4) (19. Rad1 Bxc4 20. bxc4 Rxd1 21. Rxd1 Rd8) 19...
Nc6 20. Rad1 Nd4 21. Bxe6+ Nxe6 22. Qf3 {and the game continues on a concrete
path with ideas like Rd6 in the air.}) 17... Rac8 {[%emt 0:10:39]} 18. Ba3 $2 {
[%emt 0:02:23] A strange purposeless move. This kind of move usually does no
harm, but it neither improves the position and could be a vital loss of tempo,
especially in this kind of imbalanced pawn structure.} (18. Rfd1 Nb4 19. Qg4
Bxc4 20. Qxc4+ Qf7 21. Rxd8+ Rxd8 22. Qxc5 Nxa2 23. Qa5 Qd5 24. Qxd5+ Rxd5 25.
Rc8+ Kf7 26. Bd4 $14) 18... a5 {[%emt 0:10:40] My idea is pretty much obvious,
to place the pawns on the dark squares to supplement my light-squared bishop
and restrict his bishop.} 19. Qh4 {[%emt 0:03:55]} b6 {[%emt 0:05:20]} 20. Rfd1
{[%emt 0:06:21]} Bf7 $5 {[%emt 0:03:40]} (20... Rd7 21. Bb5 Rdd8 $11 {is
probably just equal but since I thought my opponent was risking much in the
long term, I decided to continue looking for chances.}) 21. Ba6 {[%emt 0:11:27]
} Rb8 {[%emt 0:01:20]} 22. Bd3 {[%emt 0:03:24]} h6 {[%emt 0:01:33]} 23. Qg3 {
[%emt 0:08:23]} Nb4 $5 {[%emt 0:07:23]} (23... Rd6 $5 {was the alternative I
saw.}) 24. Bxb4 $2 {[%emt 0:06:19] A terrible positional error. With this
exchange, Black succeeds in getting an ideal situation of a good vs a bad
bishop.} (24. Bb1 {seemed to me the only reasonable defence which doesn't make
any great concession concerning White's position.}) 24... axb4 {[%emt 0:00:06]
[%csl Ra2,Rb3,Gb4,Gb6,Gc5,Rd3,Gf6,Gf7,Gg7,Gh6]} 25. Qf4 {[%emt 0:02:23]} Qe5 $1
{[%emt 0:03:23] The simplest way to transform the advantage. In the endgames
with rooks and bishops, the weaknesses in White's position will count more!}
26. Qxe5 {[%emt 0:02:19]} fxe5 {[%emt 0:00:05]} 27. f3 {[%emt 0:00:09]} Kf8 {
[%emt 0:00:30]} 28. Be4 {[%emt 0:03:02]} Ke7 {[%emt 0:00:29]} 29. h4 {[%emt 0:
00:08]} Rxd1+ {[%emt 0:01:42]} 30. Rxd1 {[%emt 0:00:01]} b5 $1 {[%emt 0:00:12]
Trying to create a passer and target the weak structure on the queenside at
the same time.} 31. g4 {[%emt 0:02:00]} c4 {[%emt 0:01:35]} 32. g5 {[%emt 0:05:
18]} Rb6 $17 {[%emt 0:04:05]} (32... hxg5 33. hxg5 Rb6 {would also be clearly
better for Black.}) 33. Bf5 {[%emt 0:02:03]} Be6 {[%emt 0:00:10]} 34. Bxe6 {
[%emt 0:05:30]} Kxe6 {[%emt 0:00:07]} 35. gxh6 {[%emt 0:00:02]} gxh6 {[%emt 0:
00:07]} 36. Rc1 {[%emt 0:00:06]} c3 {[%emt 0:01:07][%csl Ra2,Rc1,Gc3]} 37. Kf2
{[%emt 0:00:26]} Rd6 {[%emt 0:00:50]} 38. Rc2 {[%emt 0:00:13]} e4 {[%emt 0:03:
07]} 39. Ke2 {[%emt 0:01:43]} Kf5 {[%emt 0:03:14]} 40. h5 {[%emt 0:00:00]} Rd3
{[%emt 0:00:00]} 41. fxe4+ {[%emt 0:04:14]} Kxe4 {[%emt 0:02:08]} 42. Ke1 {
[%emt 0:00:02]} Rxe3+ {[%emt 0:05:06]} 43. Kd1 {[%emt 0:00:02]} Kd3 {[%emt 0:
01:17]} 44. Rg2 {[%emt 0:00:04]} Rh3 {[%emt 0:00:06]} 45. Rg1 {[%emt 0:00:02]}
c2+ {[%emt 0:01:09]} 46. Kc1 {[%emt 0:00:01]} Kc3 {[%emt 0:00:07]} 47. Rf1 {
[%emt 0:00:16]} Rd3 {[%emt 0:00:11] And here my opponent resigned since he
can't really stop my idea of ...Rd1+ on the next move, transposing to a
winning pawn endgame.} 0-1

[Event "Olympiad-42"]
[Site "Baku"]
[Date "2016.09.08"]
[Round "6.4"]
[White "Franco Ocampos, Zenon"]
[Black "Swiercz, Dariusz"]
[Result "0-1"]
[WhiteElo "2496"]
[BlackElo "2639"]
[Annotator "Swiercz,D"]
[PlyCount "88"]
[EventDate "2016.09.02"]
[EventType "team-swiss"]
[EventRounds "11"]
[EventCountry "AZE"]
[SourceTitle "CBM 175"]
[Source "ChessBase"]
[SourceDate "2016.11.10"]
[SourceVersion "1"]
[SourceVersionDate "2016.11.10"]
[SourceQuality "1"]
[WhiteTeam "Paraguay"]
[BlackTeam "Poland"]
[WhiteTeamCountry "PAR"]
[BlackTeamCountry "POL"]

1. c4 Nf6 2. Nc3 e5 3. Nf3 Nc6 4. d3 {Not so popular choice there. One much
more often sees 4.g3 and 4.e3, but 4.a3 and 4.e4 are possible as well.} Bb4 5.
Bd2 O-O 6. e3 d5 {I decided to get a Sicilian-like position, which I actually
did as well back in 2015 in my game against Bartlomiej Heberla.} ({Another
move there is} 6... Re8 {which was played recently in the game Topalov-Aronian
2016:} 7. Be2 Bxc3 8. Bxc3 d5 9. cxd5 Nxd5 10. Rc1 Bg4 11. O-O Qd6 12. a3 Rad8
$11 {where I believe Black has a good position.}) 7. cxd5 Nxd5 8. Be2 Be6 9.
O-O Be7 10. a3 a5 {So far we are still following the game Heberla-Swiercz 2015.
Therefore I was playing quickly, but my opponent apparently wasn't aware that
this position has occurred already in my practice, as he was thinking here.}
11. Qc2 {Deviating from Heberla-Swiercz 2015. However this move is also
reasonable.} (11. Rc1 {was played in the aforementioned game:} f5 12. e4 Nb6
13. exf5 Rxf5 14. Be3 {and there, in order to stop d4, I am obliged to play}
Nd4 (14... Kh8 {might be met by} 15. d4 $5) 15. Bxd4 (15. Ne4 $5) 15... exd4
16. Ne4 {which seems to be a slightly better version of the position which
arose in the game.}) 11... f5 12. e4 {A typical Sicilian idea. My opponent
wants to get the e4-square for his knight, but simultaneously he weakens the
d4-square.} Nb6 {Playing this move I was aiming for a kind of position similar
to the I got in my previous game in this line, as I felt comfortable in such
structures and I was familiar with plans there.} ({Another move was} 12... Nxc3
{and Black is doing fine as well. The position is about equal.} 13. bxc3 (13.
Bxc3 Bd6 $5 $11) 13... a4 14. exf5 Bxf5 15. Be3 Kh8 $11) 13. exf5 Rxf5 14. Be3
{Now, the difference compared to Heberla-Swiercz 2015 is that White is not
threatening to play d4 immediately and therefore Black can make some useful
move.} ({In the event of} 14. Ne4 {White allows Black to play at some point}
Nd5 {with ideas of going to the f4-square.}) 14... Kh8 15. Rad1 Nd4 {As d4 was
already a real threat, I was forced to play ...Nd4.} 16. Bxd4 exd4 17. Ne4 a4
$5 {Fixing the structure on the queenside. To be honest, this type of position
is pretty unclear and double-edged. White has the very powerful Ne4 and
prospects of light-square play in the future (like Nfd2, Rfe1, Bf1, g3, Bg2
etc.) whereas Black has a pawn superiority on the queenside (what gives some
space advantage), the bishop pair and ideas of combining play on the queenside
and sometimes the kingside (which actually happened in the game). If White
manages to trade light-squared bishops he will obtain the advantage. However
this task is difficult, the same as it is for Black to advance his pawns on
the queenside. Therefore I think that good manoeuvring play is required from
both sides to maintain the balance - if either side neglects it, then the
other side might get something of an edge.} 18. Rc1 c6 19. Nfd2 Bg8 {Going
away from any possible pin.} 20. Rfe1 Bg5 {During the game I was quite happy
about this move, hoping to set some practical difficulties to my opponent 
(like a kind of "threat" ...Bb3) and it actually paid off pretty well.} ({
I saw that the typical manoeuvre} 20... Rb5 {doesn't pose any practical
problems for White as even after} 21. Nc4 {it's not clear what Black is doing
next. Therefore, being ahead on the clock, I decided to complicate things a
bit.}) 21. Bg4 $1 Rf8 (21... Rb5 {I didn't like this move because of} 22. Nxg5
(22. Be6 $5 {is also interesting.}) 22... Qxg5 23. Be6 $14 {eventually trading
light-squared bishops.}) (21... Bb3 {unfortunately doesn't work as well:} 22.
Nxb3 axb3 23. Qxb3 Rb5 24. Nxg5 $1 $18) 22. Nxg5 $6 {After some thought my
opponent failed to solve correctly the problem of the pin on the c1-h6
diagonal. After the text move Black seizes the initiative.} ({The correct move
would have been} 22. g3 $1 Nd5 ({White doesn't have to worry about} 22... Bb3
$6 {as there is the resource} 23. Qc5 $1 Be7 24. Qe5 $36 {and it is White who
has the initiative.}) 23. Re2 Be7 {where the position is still unclear.}) 22...
Qxg5 23. Bh3 $6 {One inaccuracy followed by another.} (23. Qd1 Nd5 24. g3 {
would still have been fine for White.}) (23. Bf3 Nd5 24. Bxd5 $5 Bxd5 25. Ne4 {
is also OK for White}) 23... Qh4 $1 $40 {An important and tricky move. My idea
was to prevent the g3 move and let my knight go to the f4-square in the next
few moves. Black is clearly better now.} ({At first I wanted to play} 23... Nd5
{but I didn't see how to keep up my initiative after} 24. g3 Nf4 25. Bf1 Bd5
26. Ne4 Qg6 27. Kh1 {and finally my forces have to retreat.}) ({The engines
suggest also} 23... Qh5 {but from a human point of view, it's more logical to
attack on f2, force some action and then play ...Nd5, especially when it's
just the same idea.}) 24. Ne4 Nd5 {With the obvious threat of ...Nf4.} 25. Ng3
$2 {A big mistake letting Black launch a strong and extremely powerful attack.}
({The only move was computerish} 25. Bd7 $1 {however it doesn't solve all
White's problems. From a human point of view it is also very scary, as the
bishop might be lost. Still, Black must be precise now in order to exploit the
defects of White's position.} Qh5 $1 26. g3 Rad8 27. Nc5 {and since now Black
has the nice tactical idea:} Nf6 $1 28. Be6 b6 29. Bxg8 Ng4 $1 {this is the
point} 30. f4 Rxg8 $17 {and with the weakened e3-square Black is just clearly
better. Although, White can still put up some resistance.}) 25... Nf4 26. Bf5
Bb3 {one of many ways to win in this position} (26... Qg5 27. Be4 h5 {was also
pretty strong. Maybe even just easier.} 28. f3 h4 29. Nf1 Bd5 $19) 27. Qc5 Bd5
28. Be4 $8 (28. f3 $2 Nxg2 29. Kxg2 Rxf5 30. Nxf5 Qg4+ $19) 28... Qf6 $1 {
This was my idea.} 29. Qc2 (29. Bxd5 Nxd3 $19) (29. f3 h5 $19) 29... Bb3 $2 {
But this move is inexplicably stupid. It throws away a huge part of Black's
advantage and things are not so easy now. Also this move started a series of
mistakes from both sides and a mutual exchange of favours till move 32.} ({
Instead, I should obviously have played} 29... h5 $19 {and actually I don't
know why I didn't play it. Next, ...h4 follows with a huge, winning attack.})
30. Qd2 $1 $15 Rae8 $6 {The next inaccuracy, this time underestimating one
move.} (30... Qg5 $1 31. Kh1 Rae8 {was the correct move order and Black
maintains the initiative, as} 32. Bf3 (32. Ne2 {doesn't work in view of} Rxe4
$19) 32... Bd5 $15) 31. Bf3 $2 {Too passive!} (31. f3 {with the idea Ne2 would
have been strong if Black does not play} Qg5 $1 {not allowing this manoeuvre.}
32. Nf1 h5 $15) ({The active} 31. Bf5 $1 {however, promised good equalising
chances. But, luckily for me, my opponent didn't decide to play this seemingly
scary line:} Qg5 32. Rxe8 Rxe8 33. Re1 Rf8 (33... Nh3+ 34. gxh3 Qxd2 35. Rxe8+
Bg8 36. Ne4 Qd1+ 37. Kg2 Qh5 38. Rf8 $11 {and White has enough counterplay})
34. Qb4 $1 Rxf5 35. Qxb3 $1 Re5 36. Rxe5 Qxe5 37. Qd1 $11 {with approximate
equality.}) 31... Be6 $2 {Again spoiling the chance to seize a big advantage.}
(31... Nh3+ {was strong and Black is again much better, but I didn't even
consider exchanging queens.} 32. Kh1 (32. Kf1 Rxe1+ 33. Rxe1 Bd5 $17) 32... Qf4
$1 33. Qxf4 Nxf4 34. Rxe8 Rxe8 35. Be4 g6 $17) 32. Rc5 $2 {Another mistake,
but this time I at last figured out what I should do in this position.} ({
The best was} 32. Kh1 $1 {White had to move away from a ...Nh3 check,and keep
up quite a solid defence.}) 32... Bd5 $1 $17 {At last I realised that the ...
h5 idea is pretty strong.} 33. Rxe8 Rxe8 34. Bxd5 ({In the event of} 34. Ne4 {
the best would be} Qh6 35. Kh1 Ne6 $1 36. Qxh6 gxh6 $17 {with next ...Nf4 (Xd3)
}) 34... cxd5 35. Rc1 h5 $1 $40 {There we go! Now Black has a crushing attack
and White's position is very difficult.} 36. Re1 Rf8 $1 (36... Rxe1+ {should
be strong as well but I didn't see any good reason to trade rooks when I had a
strong attack.} 37. Qxe1 Qg5 $17) 37. f3 h4 38. Nf1 Qg6 39. Rd1 (39. Re5 Nh3+
40. Kh1 Rxf3 $19) 39... Qf5 40. Kh1 h3 $19 {Reaching the 40th move safely.
Black is winning.} 41. g3 Ng2 42. f4 Qg4 43. Rc1 Re8 44. Qf2 Re2 0-1